000 00291nam a2200121Ia 4500
005 20251222155102.0
008 251222s9999||||xx |||||||||||||| ||spa||
082 _aSIC.61
245 0 _aEl derecho a la participación ¿Realidad o reto?
250 _a1ra. ed.
264 _bIES
942 _cLIB
999 _c37718
_d37718